La reproducción de las burocracias de estado: el caso mexicano

Guardado en:
Bibliografiske detaljer
Hovedforfatter: Acevedo de Silva, Mª Guadalupe
Format: Texto
Udgivet: Quito :
Tags: Tilføj Tag
Ingen Tags, Vær først til at tagge denne postø!

MARC

LEADER 00000 a a2200000 04500
001 16145
003
040
090 |a 012700  
100 |a Acevedo de Silva, Mª Guadalupe  
245 |a La reproducción de las burocracias de estado: el caso mexicano  
260 |a Quito :  
300 |a 65 p.  
999 |c 7483  |d 7483